La abogacía en el siglo de oro.
محفوظ في:
| المؤلف الرئيسي: | |
|---|---|
| التنسيق: | كتاب |
| اللغة: | الإسبانية |
| منشور في: |
Madrid, España
Colegio de Abogados de Madrid
1996
|
| الموضوعات: | |
| الوسوم: |
إضافة وسم
لا توجد وسوم, كن أول من يضع وسما على هذه التسجيلة!
|
MARC
| LEADER | 00000nam a2200000 a 4500 | ||
|---|---|---|---|
| 001 | UCP6539 | ||
| 003 | CL-VaPUC | ||
| 005 | 20220722150339.0 | ||
| 008 | 991029e19960000SP |||||||||||||||||spa|d | ||
| 999 | |c 284049 |d 284047 | ||
| 040 | |c Pontificia Universidad Católica de Valparaíso | ||
| 082 | 0 | 4 | |a 340.023 NAV 1996 |2 21 |
| 100 | |a Navas, José Manuel |e autor |9 435653 | ||
| 245 | 1 | 3 | |a La abogacía en el siglo de oro. |
| 260 | 0 | 3 | |a Madrid, España |b Colegio de Abogados de Madrid |c 1996 |
| 300 | |a 270 páginas. | ||
| 583 | |a last modification |c 20121001 12:00:35 |k Rodrigo Vera | ||
| 650 | 0 | |a Derecho español |9 255291 | |
| 650 | 0 | |a Abogados |9 256284 | |
| 650 | 0 | |a Justicia |9 255408 | |
| 650 | 7 | |a DERECHO SIGLO XVII |2 CL-VaPUC |9 435654 | |
| 651 | 0 | |a España |9 254926 | |
| 942 | |c BK |2 ddc | ||
| 945 | |d 19991029 00:00:00 |a vberengu | ||
| 952 | |0 0 |1 0 |2 ddc |4 0 |6 340_023000000000000_NAV_1996 |7 0 |8 DER_HIS |9 327738 |a BIBDER |b BIBDER |d 2019-11-20 |i 3489949 |o 340.023 NAV 1996 |p 3489949 |r 2023-01-25 |t 1 |w 2019-11-20 |x Ubicación 4to Piso |y BK |z Estos recursos deben solicitarse con anticipación |k DER | ||